000 00426nam a2200181Ia 4500
003 0100
008 130303s9999 xx 000 0 und d
040 _cARRUPELIB
050 _aJC181.K4F585 2000
100 _aFlikschuh, Katrin
245 _aKant and modern political philosophy
260 _aCambridge
260 _bUniversity Press
260 _C2000
300 _a216 p.
700 _aKatrin Flikschuh
942 0 0 _02
999 _c12944
_d12944